000 00511nam a22001697a 4500
999 _c8746
_d8746
008 201211b ||||| |||| 00| 0 eng d
040 _aBMS College of Archtecture
100 _aNikhita Sapuram
245 _aYouth center Bangalore
300 _a33p.
500 _a1BM11AT059
502 _8B,Arch
_NBMS College of Architecture, Visvesvaraya Technological University (VTU)
_aProject report
_d2015
650 _aBangalore
700 _aBhaghyalaxmi M
_eGuide
700 _aMadhuri Rao
_eGuide
942 _2ddc
_cTHE